Tríptico cinematográfico: El discurso narrativo y su montaje en Amores Perros, 21 Gramos y Babel, y un diálogo con Alejandro González Iñárritu

Uloženo v:
Podrobná bibliografie
Hlavní autor: Pellicer, Juan (Autor)
Médium: Kniha
Jazyk:španělština
Vydáno: Ciudad de México Siglo Veintiuno Editores 2010
Vydání:1a. ed
Edice:Artes
Témata:
Tagy: Přidat tag
Žádné tagy, Buďte první, kdo vytvoří štítek k tomuto záznamu!

MARC

LEADER 00000nam a2200000 a 4500
001 UCG5945
003 CL-VaPUC
008 110324e20100000MX |||||||||||||||||spa|d
020 |a 9786070301667 
082 0 4 |a 791.436  |b PEL  |2 21 
100 0 |a Pellicer, Juan  |e author  |9 555878 
245 1 0 |a Tríptico cinematográfico: El discurso narrativo y su montaje en Amores Perros, 21 Gramos y Babel, y un diálogo con Alejandro González Iñárritu 
250 |a 1a. ed 
300 |a 181 p 
942 |c BK 
945 |d 20110324 00:00:00  |a jcampos 
260 |a Ciudad de México  |b Siglo Veintiuno Editores  |c 2010 
600 0 7 |a GONZALEZ IÑARRATU, ALEJANDRO  |2 CL-VaPUC  |9 555879 
650 7 |a CINE MEXICANO  |2 CL-VaPUC  |9 533244 
650 7 |a CINE NORTEAMERICANO  |2 CL-VaPUC  |9 555880 
650 0 |a Discurso narrativo  |9 388942 
650 7 |a DISCURSO CINEMATOGRAFICO  |2 CL-VaPUC  |9 555881 
650 0 |a Ficción   |9 376687 
650 0 |a Estética   |9 264950 
650 7 |a PRODUCCION DE CINE  |2 CL-VaPUC  |9 555882 
583 |a last modification  |c 20110324 00:00:00  |k Rodrigo Vera 
490 0 |a Artes 
999 |c 344269  |d 344267 
952 |0 0  |1 0  |4 0  |6 791_436000000000000_PEL_2010  |7 0  |8 A  |9 442157  |a FDOPOS  |b FDOPOS  |d 2019-11-22  |i 4759818  |o 791.436 PEL 2010  |p 4759818  |r 2025-01-22  |w 2019-11-22  |y BK  |k DLH